ბათუმის შოთა რუსთაველის სახელმწიფო უნივერსიტეტის ბიბლიოთეკა

ოქროს საწმისი : (ბიბ.ჩანაწერი № 36524)

000 -ლიდერი
ფიქსირებული სიგრძის საკონტროლო ველი 01248nam a2200217Ia 4500
001 - საკონტროლო ნომერი
საკონტროლო ველი 2442
003 - საკონტროლო ნომრის იდენტიფიკატორი
საკონტროლო ველი GE_BSU
005 - ბოლო ოპერაციის თარიღი და დრო
საკონტროლო ველი 20190517191926.0
008 - ფიქსირებული სიგრძის მონაცემთა ელემენტები - ზოგადი ინფორმაცია
ფიქსირებული სიგრძის საკონტროლო ველი 181216s1986||||ge |||||||||||||| ||geo||
040 ## - კატალოგიზაციის წყარო
Transcribing agency GE_BSU
041 ## - ენის კოდი
Language code of text/sound track or separate title geo
080 ## - უნივერსალური ათობითი კლასიფიკაციის ინდექსი
Universal Decimal Classification number 821.112.2 გ–82
100 ## - მთავარი ჩანაწერი - პიროვნების სახელი
Personal name გრილპარცერი, ფრანც
9 (RLIN) 1350
245 ## - ცნობა სათაურის შესახებ
Title ოქროს საწმისი :
Remainder of title პიესა /
Statement of responsibility, etc გერმანულიდან თარგმნა, წინასიტყვ. და შენიშვნ. დაურთო ვიქტორ კახნიაშვილმა ; [მხატვ.: ც. გაჩეჩილაძე] ; საქ. მწერალთა კავშ. არსებ. მხატვრული თარგმანისა და ლიტ. ურთიერთობების მთავ. სარედ. კოლეგია.
264 ## - წარმოების, გამოცემის, დისტრიბუციის და სხვა ცნობები
გამოცემის, წარმოების, დისტრიბუციის... ადგილი თბილისი :
გამოცემის, წარმოების, დისტრიბუციის... სახელწოდება განათლება,
გამოცემის, წარმოების, დისტრიბუციის... თარიღი 1987.
300 ## - ფიზიკური აღწერა
Extent 221 გვ.
Other physical details 19 სმ.
500 ## - ზოგადი შენიშვნა
General note პარალ თავფურც. გერ. ენ.
653 ## - INDEX TERM--UNCONTROLLED
Uncontrolled term პიესა
700 ## - ADDED ENTRY--PERSONAL NAME
Personal name კახნიაშვილი, ვიქტორ
Relator term მთარგმნელი
9 (RLIN) 1351
942 ## - ADDED ENTRY ELEMENTS (KOHA)
Koha item type წიგნი
Source of classification or shelving scheme
ეგზემპლარები
ჩამოწერის სტატუსი დაკარგული ეგზემპლარის სტატუსი კლასიფიკაციის წყარო ან თაროზე გაწყობის სქემა დაზიანების სტატუსი არ გაიცემა მუდმივი მდებარეობა (დაცვის ადგილი) ამჟამინდელი ადგილსამყოფელი თაროზე განთავსების ადგილი შეძენის თარიღი ღირებულება, შესყიდვის ნორმალური ფასი სრული შენახვის შიფრი შტრიხკოდი ბოლო ოპერაციის თარიღი ეგზემპლარის მიმდევრობითი ნომერი (კეტერი?) ფასის ძალაში შესვლის თარიღი ეგზემპლარის სახეობა საჯარო შენიშვნა
          ბათუმის შოთა რუსთაველის სახელმწიფო უნივერსიტეტის მთავარი ბიბლიოთეკა ბათუმის შოთა რუსთაველის სახელმწიფო უნივერსიტეტის მთავარი ბიბლიოთეკა წიგნსაცავი 2018-12-17 6.00 821.112.2 გ–82 4248 2018-12-17 4248 2018-12-17 წიგნი 6 ლ.